A geography of settlements (Record no. 44475)

MARC details
000 -LEADER
fixed length control field 00574nam a2200181 a 4500
008 - FIXED-LENGTH DATA ELEMENTS--GENERAL INFORMATION
fixed length control field 120416s1976 ||||||||||||||||| || u
020 ## - INTERNATIONAL STANDARD BOOK NUMBER
International Standard Book Number 0712107226
050 ## - LIBRARY OF CONGRESS CALL NUMBER
Classification number HD 111 Hud
100 ## - MAIN ENTRY--PERSONAL NAME
Personal name Hudson, F. S
245 12 - TITLE STATEMENT
Title A geography of settlements
250 ## - EDITION STATEMENT
Edition statement 2nd ed.
260 ## - PUBLICATION, DISTRIBUTION, ETC.
Place of publication, distribution, etc. Plymouth
Name of publisher, distributor, etc. McDonald & Evans
Date of publication, distribution, etc. 1976
300 ## - PHYSICAL DESCRIPTION
Extent xviii, 364p. : ill.
350 ## - PRICE (NR) (BK AM CF MU VM SE) [OBSOLETE]
Price 0.00
650 ## - SUBJECT ADDED ENTRY--TOPICAL TERM
Topical term or geographic name entry element LAND
650 ## - SUBJECT ADDED ENTRY--TOPICAL TERM
Topical term or geographic name entry element SETTLEMENTS
995 ## - RECOMMENDATION 995 [LOCAL, UNIMARC FRANCE]
-- 0.00
-- CBU-MAIN LIBRARY (Kitwe)
-- 1
-- 3.50
-- 1
-- AVAILABLE
-- Main Library Open Access Collection
Holdings
Withdrawn status Lost status Source of classification or shelving scheme Damaged status Not for loan Home library Current library Shelving location Date acquired Total Checkouts Full call number Barcode Date last seen Price effective from Koha item type
          CBU-MAIN LIBRARY, KITWE. CBU-MAIN LIBRARY, KITWE.   11/30/2022   HD 111 Hud 025228 11/30/2022 11/30/2022 MONOGRAPH